Statistics for Falling by Harry Styles Lyrics

Click here to take the quiz!

General Stats

  • This quiz has been taken 429 times
  • The average score is 196 of 216

Answer Stats

Falling% Correct
I
99%
And
98%
and
98%
fallin'
98%
I'm
98%
im
98%
no
98%
the
98%
you
98%
You
98%
my
97%
bed
96%
here
96%
in
96%
not
96%
your
96%
what
95%
What
95%
you're
95%
again
94%
to
94%
am
93%
if
93%
me
93%
now?
93%
someone
93%
don't
92%
it
91%
there's
91%
want
91%
one
90%
about?
89%
about
89%
but
89%
around?
88%
drink
88%
out
87%
out?
87%
blame
86%
can't
86%
hands
86%
said
86%
it's
85%
too
85%
too,
85%
wandering
84%
meant
83%
Cafe
82%
Forget
82%
at
81%
songs
80%
back
79%
Beachwood
79%
coffee's
79%
many
79%
missed
79%
take
79%
kills
78%
write
78%
aware
76%
cared
76%
left
76%
unpack
76%
know
75%
well
75%
'cause
73%
baggage
70%
of
70%
say
70%
talk
70%
things
70%
run
69%
that
68%
down?
67%
won't
67%
feelin'
62%
get
61%
never
61%
we've
61%
just
58%
need
58%
you'll
58%

Score Distribution

Percentile by Number Answered

Percent of People with Each Score

Your Score History

You have not taken this quiz